Vývoj prezentácie majetku, záväzkov a vlastného imania v súvahe podnikateľa v SR od roku 1993 po súčasnosť diplomová práca

Salvato in:
Dettagli Bibliografici
Autore principale: Košťálová, Lea
Ente Autore: Fakulta hospodárskej informatiky EU. Katedra účtovníctva a audítorstva
Altri autori: Šlosárová, Anna
Natura: Libro
Lingua:slovacco
Pubblicazione: Bratislava 2018
Tags: Aggiungi Tag
Nessun Tag, puoi essere il primo ad aggiungerne!!

MARC

LEADER 00000nbm a2200000 4500
001 0243626
005 20181108091652.8
041 0 |a slo 
044 |a SK 
245 1 0 |a Vývoj prezentácie majetku, záväzkov a vlastného imania v súvahe podnikateľa v SR od roku 1993 po súčasnosť  |b diplomová práca  |c Lea Košťálová ; školiteľ: Anna Šlosárová 
264 1 |a Bratislava  |c 2018 
300 |a 73 s. 
100 1 |a Košťálová, Lea 
700 1 |a Šlosárová, Anna 
710 2 |a Fakulta hospodárskej informatiky EU. Katedra účtovníctva a audítorstva